SME Performance 2003.
| Corporate Author: | |
|---|---|
| Format: | Book |
| Published: |
Petaling Jaya:
SMIDEC,
2004.
|
| Subjects: |
| LEADER | 00511cam a2200157 7i4500 | ||
|---|---|---|---|
| 001 | 0000014817 | ||
| 005 | 20041215090000.0 | ||
| 090 | 0 | 0 | |a M 338.642 |b SMA |
| 110 | 2 | 0 | |a Small & Medium Industries Development Corporation (SMIDEC) |
| 245 | 2 | 0 | |a SME Performance 2003. |
| 260 | 0 | 0 | |a Petaling Jaya: |b SMIDEC, |c 2004. |
| 300 | # | # | |a 152 p. |
| 650 | 0 | 0 | |a Small business -- |z Malaysia |
| 650 | 0 | 0 | |a Small and medium-sized enterprises (SME) -- |z Malaysia |
| 651 | 0 | 0 | |a Malaysia |
| 999 | |a 0000016313 |b Book |c Malaysia |e Business Information Centre | ||